UBT Library

Principle-centered leadership / (Record no. 44166)

000 -LEADER
fixed length control field 00659pam a2200217 a 4500
001 - CONTROL NUMBER
control field 598613
005 - DATE AND TIME OF LATEST TRANSACTION
control field 20180306070223.0
008 - FIXED-LENGTH DATA ELEMENTS--GENERAL INFORMATION
fixed length control field 910717s1991 nyua 001 0 eng
010 ## - LIBRARY OF CONGRESS CONTROL NUMBER
LC control number 91028078
020 ## - INTERNATIONAL STANDARD BOOK NUMBER
International Standard Book Number 0671749102
040 ## - CATALOGING SOURCE
Original cataloging agency DLC
Transcribing agency DLC
Modifying agency DLC
041 ## - LANGUAGE CODE
Language code of text/sound track or separate title eng
080 ## - UNIVERSAL DECIMAL CLASSIFICATION NUMBER
Universal Decimal Classification number 158/.4 cov
082 00 - DEWEY DECIMAL CLASSIFICATION NUMBER
Classification number 158/.4 cov
Edition number 20
100 1# - Rafti
Rafti 58
101 ## - Shkurtesa
Shkurtesa led
245 10 - TITLE STATEMENT
Title Principle-centered leadership /
Statement of responsibility, etc Stephen R. Covey.
906 ## - LOCAL DATA ELEMENT F, LDF (RLIN)
a 7
b cbc
c orignew
d 1
e ocip
f 19
g y-gencatlg
942 ## - ADDED ENTRY ELEMENTS (KOHA)
Source of classification or shelving scheme
Item type Books
Holdings
Withdrawn status Lost status Source of classification or shelving scheme Damaged status Not for loan Collection code Permanent location Current location Shelving location Date acquired Total Checkouts Full call number Barcode Date last seen Price effective from Koha item type
          Koleksioni i përgjithshem UBT - Lipjan UBT - Lipjan Koleksioni i përgjithshem 03/06/2018   158/.4 cov 002-3000712 03/06/2018 03/06/2018 Books
UBT Library © 2015-2024. All rights reserved University Education for Business and Technology